Firm Incentives to Engage in International Trade

Štyri základné dôvody, pre ktoré sa firmy usilujú zapojiť do medzinárodného obchodu.

Salvato in:
Dettagli Bibliografici
Autore principale: Mihalčová, Bohuslava, 1963-
Altri autori: Socha, Luboš, Bajusz, Pavol
Natura: Capitolo di libro
Lingua:inglese
Soggetti:
Tags: Aggiungi Tag
Nessun Tag, puoi essere il primo ad aggiungerne!!

MARC

LEADER 00000naa a2200000 4500
001 0148976
005 20240502083342.6
041 0 |a eng 
044 |a CZ 
245 1 0 |a Firm Incentives to Engage in International Trade  |c Bohuslava Mihalčová, Ľuboš Socha, Pavol Bajusz 
520 |a Štyri základné dôvody, pre ktoré sa firmy usilujú zapojiť do medzinárodného obchodu. 
610 2 0 |a firmy 
610 2 0 |a konkurencieschopnosť 
610 2 0 |a riziko podnikateľské 
610 2 0 |a trh medzinárodný 
610 2 0 |a obchod medzinárodný 
100 1 |a Mihalčová, Bohuslava, 1963- 
700 1 |a Socha, Luboš 
700 1 |a Bajusz, Pavol